Na jakim kontynencie leży te Państwo #1 - Statystyki

Ogólne statystyki
  • Ten quiz został rozwiązany 172 razy
  • Średni wynik to 5 z 5
Statystyki odpowiedzi
Zagadnienie Odpowiedź % Poprawnych
Na jakim kontynencie leży Nigeria Afryka
100%
Na jakim kontynencie leży Polska Europa
100%
Na jakim kontynencie leży Rosja Europa&Azja
100%
Na jakim kontynencie leży Oman Azja
85%
Na jakim kontynencie leży Meksyk Ameryka Północna
77%
Nie znaleziono quizów pasujących do podanych kryteriów
Rozkład punktacji
Procent ludzi z każdym wynikiem
Percentyl według liczby udzielonych odpowiedzi
Twoja historia wyników
Nie rozwiązałeś tego quizu